Erstmalige umstellung eines slowakischen unternehmens auf IFRS anhand eines praxisfalles diplomová práca

Guardado en:
Detalles Bibliográficos
Autor principal: Selecký, Marek
Autor Corporativo: Ekonomická univerzita v Bratislave. Ústav medzinárodných programov
Otros Autores: Ebeling, Ralf Michael
Formato: Libro
Lenguaje:alemán
Publicado: Bratislava 2011
Etiquetas: Agregar Etiqueta
Sin Etiquetas, Sea el primero en etiquetar este registro!

MARC

LEADER 00000nam a2200000 4500
001 0150335
005 20240318115015.2
041 0 |a ger 
044 |a SK 
245 1 0 |a Erstmalige umstellung eines slowakischen unternehmens auf IFRS anhand eines praxisfalles  |b diplomová práca  |c Marek Selecký ; školiteľ: Ralf Michael Ebeling 
264 1 |a Bratislava  |c 2011 
300 |a 50 s. 
100 1 |a Selecký, Marek 
700 1 |a Ebeling, Ralf Michael 
710 2 |a Ekonomická univerzita v Bratislave. Ústav medzinárodných programov